Achaemenid Dynasty King of Kings - Statistics

General Stats
  • This quiz has been taken 72 times
  • The average score is 9 of 13
Answer Stats
Hint Answer % Correct
559-530 BC Cyrus the Great
96%
423-405 BC Darius II
95%
336-330 BC Darius III
95%
522-486 BC Darius the Great
95%
486-465 BC Xerxes I
95%
424-424 BC Xerxes II
95%
465-424 BC Artaxerxes I
70%
405-358 BC Artaxerxes II
70%
358-338 BC Artaxerxes III
70%
530-522 BC Cambyses II
60%
522-522 BC Gaumata
35%
424-423 BC Sogdianus
26%
338-336 BC Arses
21%
No matching quizzes found
Score Distribution
Percent of People with Each Score
Percentile by Number Answered
Your Score History
You have not taken this quiz